[Event "CZE-chT 2223"]
[Site "Czech Republic"]
[Date "2023.02.18"]
[Round "7.2"]
[White "Sprenar, Petr"]
[Black "Jurasek, Miroslav"]
[Result "1-0"]
[WhiteElo "2282"]
[BlackElo "2236"]
[PlyCount "105"]
[EventDate "2022.10.15"]
[EventType "team-tourn"]
[EventRounds "11"]
[EventCountry "CZE"]
[SourceTitle "CBM 213 Extra"]
[Source "ChessBase"]
[SourceDate "2023.05.31"]
[SourceVersion "1"]
[SourceVersionDate "2023.05.31"]
[SourceQuality "1"]
[WhiteTeam "Ingem Line"]
[BlackTeam "Praha Dopravni Podnik"]
[WhiteTeamCountry "CZE"]
[BlackTeamCountry "CZE"]

1. d4 Nf6 2. Nc3 d5 3. Bf4 e6 4. Nb5 Na6 5. e3 c6 6. Nc3 Nc7 7. a3 Bd6 8. Nf3 b6 9. Ne5 Bb7 10. Bd3 0-0 11. Bg5 Nce8 12. Ng4 Be7 13. Nxf6+ Nxf6 14. Ne2 c5 15. c3 Ne4 16. Bf4 f5 17. 0-0 Kh8 18. Kh1 Qe8 19. Ng1 Bc6 20. Qe2 c4 21. Bc2 Ba4 22. f3 Bxc2 23. Qxc2 Nd6 24. Rfe1 Qd7 25. e4 Rae8 26. exd5 exd5 27. Re2 Bd8 28. Rae1 Rxe2 29. Rxe2 Nf7 30. Qb1 g5 31. Be5+ Kg8 32. f4 g4 33. h3 Nd6 34. Bxd6 Qxd6 35. Re5 Qd7 36. hxg4 fxg4 37. g3 Bf6 38. Qf5 Rf7 39. Rxd5 Qc6 40. Qxg4+ Kf8 41. Qf3 Qe8 42. Rf5 Kg7 43. g4 Qe1 44. g5 Be7 45. Rxf7+ Kxf7 46. Qd5+ Kf8 47. Qf5+ Kg8 48. Qe5 Qh4+ 49. Kg2 Qg4+ 50. Kf2 Qh4+ 51. Kf1 Kf8 52. Qf5+ Kg7 53. Kg2 1-0

[Event "Oberliga Ost-A 2122"]
[Site "Germany"]
[Date "2022.05.07"]
[Round "9.4"]
[White "Jurasek, Miroslav"]
[Black "Reipsch, Jens"]
[Result "1-0"]
[WhiteElo "2219"]
[BlackElo "2242"]
[PlyCount "99"]
[EventDate "2021.10.10"]
[EventType "team-tourn"]
[EventRounds "11"]
[EventCountry "GER"]
[SourceTitle "EXT 2023"]
[Source "ChessBase"]
[SourceDate "2022.10.05"]
[SourceVersion "1"]
[SourceVersionDate "2022.10.05"]
[SourceQuality "1"]
[WhiteTeam "Nickelhuette Aue"]
[BlackTeam "Halle USV"]
[WhiteTeamCountry "GER"]
[BlackTeamCountry "GER"]

1. Nf3 Nf6 2. g3 c5 3. Bg2 Nc6 4. 0-0 g6 5. d4 cxd4 6. Nxd4 Bg7 7. Nc3 0-0 8. e3 d5 9. Nde2 e6 10. b3 b6 11. Ba3 Re8 12. Nb5 Ba6 13. c4 Bxb5 14. cxb5 Ne7 15. Bb2 Qd7 16. a4 Rac8 17. Nf4 Red8 18. Nd3 Ne8 19. Bxg7 Kxg7 20. Ra2 f6 21. Rd2 Nd6 22. Nf4 Kf7 23. e4 dxe4 24. Bxe4 Qc7 25. Bd3 e5 26. Ng2 Nef5 27. f4 e4 28. Be2 Qc5+ 29. Kh1 Kg7 30. g4 Ne3 31. Nxe3 Qxe3 32. g5 Nf7 33. gxf6+ Kxf6 34. Rxd8 Rxd8 35. Qe1 Qd4 36. f5 g5 37. Qg3 Qd6 38. Qh3 Kg7 39. f6+ Kg8 40. Bc4 Rd7 41. Qh6 Qf8 42. Qxg5+ Kh8 43. Qg4 Rd6 44. Qg7+ Qxg7 45. fxg7+ Kxg7 46. Rxf7+ Kg6 47. Rxa7 Kf5 48. Rxh7 Kf4 49. Rf7+ Ke3 50. h3 1-0

[Event "Oberliga Ost-A 1920"]
[Site "Germany"]
[Date "2020.01.19"]
[Round "7.4"]
[White "Jurasek, Miroslav"]
[Black "Noack, Marcel"]
[Result "1-0"]
[WhiteElo "2235"]
[BlackElo "2028"]
[PlyCount "51"]
[EventDate "2019.09.29"]
[EventType "team-tourn"]
[EventRounds "11"]
[EventCountry "GER"]
[SourceTitle "EXT 2021"]
[Source "ChessBase"]
[SourceDate "2020.10.23"]
[SourceVersion "1"]
[SourceVersionDate "2020.10.23"]
[SourceQuality "1"]
[WhiteTeam "Aue Nickelhuette II"]
[BlackTeam "Magdeburg Aufbau Elbe II"]
[WhiteTeamCountry "GER"]
[BlackTeamCountry "GER"]

1. e4 g6 2. d4 Bg7 3. Nf3 c5 4. c4 cxd4 5. Nxd4 Qb6 6. Nb5 a6 7. N5c3 Nc6 8. Nd5 Qd8 9. Nbc3 e6 10. Ne3 Nge7 11. Be2 Nd4 12. 0-0 0-0 13. Rb1 Nec6 14. b3 b5 15. Bb2 b4 16. Na4 d6 17. Nc2 Nxe2+ 18. Qxe2 Bxb2 19. Rxb2 Qc7 20. Rd1 Rd8 21. Ne3 Bb7 22. Rbd2 Ne7 23. Qg4 Rd7 24. c5 Nc8 25. Nc4 d5 26. Nab6 1-0

[Event "Oberliga Ost-A 1920"]
[Site "Germany"]
[Date "2019.12.07"]
[Round "4.4"]
[White "Jurasek, Miroslav"]
[Black "Zimmermann, Rene"]
[Result "1/2-1/2"]
[WhiteElo "2235"]
[BlackElo "2200"]
[PlyCount "82"]
[EventDate "2019.09.29"]
[EventType "team-tourn"]
[EventRounds "11"]
[EventCountry "GER"]
[SourceTitle "EXT 2021"]
[Source "ChessBase"]
[SourceDate "2020.10.23"]
[SourceVersion "1"]
[SourceVersionDate "2020.10.23"]
[SourceQuality "1"]
[WhiteTeam "Aue Nickelhuette II"]
[BlackTeam "Dresden Gruen Weiss"]
[WhiteTeamCountry "GER"]
[BlackTeamCountry "GER"]

1. e4 e6 2. d4 d5 3. e5 c5 4. c3 Qb6 5. Nf3 Bd7 6. Be2 Nc6 7. 0-0 a5 8. Na3 cxd4 9. cxd4 a4 10. Nc2 Nge7 11. Rb1 Na5 12. Bd2 Ng6 13. Nfe1 Nc4 14. Nd3 f6 15. Bc3 Rc8 16. exf6 gxf6 17. Nc5 Qc7 18. Bxc4 dxc4 19. Nxd7 Qxd7 20. Re1 Bd6 21. Qg4 e5 22. Ne3 Qxg4 23. Nxg4 0-0 24. Rbd1 Rcd8 25. Nh6+ Kh8 26. dxe5 fxe5 27. Rd2 Kg7 28. Ng4 h5 29. Ne3 b5 30. Red1 Be7 31. Nf5+ Rxf5 32. Rxd8 Bxd8 33. Rxd8 Nf4 34. Rb8 a3 35. Rxb5 Nd3 36. bxa3 Rxf2 37. Bxe5+ Kg6 38. Rb6+ Kh7 39. Bd4 Rxa2 40. h4 Nf4 41. Kf1 Rxa3 1/2-1/2

[Event "CZE-chT2C 1920"]
[Site "Czech Republic"]
[Date "2019.12.01"]
[Round "4.4"]
[White "Jurasek, Miroslav"]
[Black "Kucera, Tomas"]
[Result "1/2-1/2"]
[WhiteElo "2242"]
[BlackElo "1993"]
[PlyCount "55"]
[EventDate "2019.10.13"]
[EventType "team-tourn"]
[EventRounds "11"]
[EventCountry "CZE"]
[SourceTitle "EXT 2024"]
[Source "ChessBase"]
[SourceDate "2023.10.10"]
[SourceVersion "1"]
[SourceVersionDate "2023.10.10"]
[SourceQuality "1"]
[WhiteTeam "Lysa nad Labem Joly III"]
[BlackTeam "Kobylisy II"]
[WhiteTeamCountry "CZE"]
[BlackTeamCountry "CZE"]

1. c4 d6 2. g3 g6 3. Bg2 Bg7 4. Nc3 Nf6 5. d3 0-0 6. Bg5 h6 7. Bd2 Nc6 8. Rb1 a5 9. a3 e5 10. b4 axb4 11. axb4 Kh7 12. b5 Ne7 13. Nf3 Be6 14. 0-0 Qd7 15. c5 Bh3 16. Qb3 Bxg2 17. Kxg2 Nh5 18. b6 c6 19. cxd6 Nc8 20. Ne4 Nxd6 21. Bb4 Nxe4 22. Bxf8 Nexg3 23. hxg3 Rxf8 24. Qc4 f5 25. Rbd1 Qe7 26. d4 e4 27. Ne5 f4 28. e3 1/2-1/2

[Event "Oberliga Ost-A 1920"]
[Site "Germany"]
[Date "2019.11.17"]
[Round "3.6"]
[White "Jurasek, Miroslav"]
[Black "Fasshauer, Jacob"]
[Result "1/2-1/2"]
[WhiteElo "2235"]
[BlackElo "2119"]
[PlyCount "42"]
[EventDate "2019.09.29"]
[EventType "team-tourn"]
[EventRounds "11"]
[EventCountry "GER"]
[SourceTitle "EXT 2021"]
[Source "ChessBase"]
[SourceDate "2020.10.23"]
[SourceVersion "1"]
[SourceVersionDate "2020.10.23"]
[SourceQuality "1"]
[WhiteTeam "Aue Nickelhuette II"]
[BlackTeam "Leipzig SG II"]
[WhiteTeamCountry "GER"]
[BlackTeamCountry "GER"]

1. c4 c5 2. g3 Nc6 3. Bg2 e6 4. Nc3 g6 5. Nh3 Bg7 6. Nf4 Nge7 7. h4 h6 8. d3 a6 9. Bd2 Rb8 10. Ne4 d6 11. Bc3 e5 12. Nd2 b5 13. b3 0-0 14. Nd5 Nxd5 15. cxd5 Ne7 16. e4 f5 17. Nf1 Kh7 18. Bh3 Ng8 19. h5 Qf6 20. hxg6+ Qxg6 21. Qe2 Nf6 1/2-1/2

[Event "Oberliga Ost-A 1920"]
[Site "Germany"]
[Date "2019.11.16"]
[Round "2.6"]
[White "Boehm, Christian"]
[Black "Jurasek, Miroslav"]
[Result "0-1"]
[WhiteElo "2074"]
[BlackElo "2235"]
[PlyCount "94"]
[EventDate "2019.09.29"]
[EventType "team-tourn"]
[EventRounds "11"]
[EventCountry "GER"]
[SourceTitle "EXT 2021"]
[Source "ChessBase"]
[SourceDate "2020.10.23"]
[SourceVersion "1"]
[SourceVersionDate "2020.10.23"]
[SourceQuality "1"]
[WhiteTeam "Loeberitz"]
[BlackTeam "Aue Nickelhuette II"]
[WhiteTeamCountry "GER"]
[BlackTeamCountry "GER"]

1. Nf3 d5 2. g3 Nf6 3. Bg2 Bg4 4. c4 c6 5. d4 Bxf3 6. Bxf3 dxc4 7. Na3 e5 8. dxe5 Bb4+ 9. Bd2 Bxa3 10. bxa3 Nd5 11. Qc2 Nd7 12. Qxc4 Nxe5 13. Qe4 Qe7 14. Bg2 0-0 15. f4 Ng6 16. Qxe7 Ngxe7 17. e4 Nb6 18. Rb1 Rfe8 19. Kf2 f5 20. exf5 Nxf5 21. Rhe1 Rxe1 22. Rxe1 Kf7 23. Re5 g6 24. Bf1 Rd8 25. Bb4 Rd4 26. Kf3 Nd5 27. Bc5 Ra4 28. Bd3 Nd4+ 29. Kf2 Ne6 30. Bd6 Rd4 31. f5 Rxd3 32. fxe6+ Ke8 33. Ke2 Nf4+ 34. gxf4 Rxd6 35. f5 gxf5 36. Rxf5 Rxe6+ 37. Kd3 Rh6 38. Re5+ Kd7 39. Re2 Rh3+ 40. Kc4 Rxa3 41. Rg2 Kc7 42. Rg7+ Kb6 43. Rxh7 Rxa2 44. h4 a5 45. h5 Rh2 46. Kb3 Rh3+ 47. Kb2 c5 0-1

[Event "CZE-chT1W 1920"]
[Site "Czech Republic"]
[Date "2019.11.10"]
[Round "2.1"]
[White "Husarik, Branko"]
[Black "Jurasek, Miroslav"]
[Result "0-1"]
[WhiteElo "2146"]
[BlackElo "2242"]
[PlyCount "78"]
[EventDate "2019.10.20"]
[EventType "team-tourn"]
[EventRounds "11"]
[EventCountry "CZE"]
[SourceTitle "CBM 193 Extra"]
[Source "ChessBase"]
[SourceDate "2020.01.31"]
[SourceVersion "1"]
[SourceVersionDate "2020.01.31"]
[SourceQuality "1"]
[WhiteTeam "Lysa nad Labem III"]
[BlackTeam "Praha DP EA Hotels"]
[WhiteTeamCountry "CZE"]
[BlackTeamCountry "CZE"]

1. e4 e6 2. Nf3 d5 3. e5 c5 4. b4 cxb4 5. a3 Nc6 6. axb4 Bxb4 7. c3 Be7 8. d4 Rb8 9. Bd3 b5 10. 0-0 Bd7 11. h4 Nh6 12. Bxh6 gxh6 13. Qc1 Bf8 14. Qf4 Bg7 15. Na3 Ne7 16. Nc2 a5 17. Ne3 Ng6 18. Qg4 0-0 19. h5 Ne7 20. Qg3 Kh8 21. Ng4 Ng8 22. Qf4 Qc7 23. Qd2 Rfc8 24. Rfc1 Be8 25. Bb1 f5 26. exf6 Nxf6 27. Nxf6 Bxf6 28. Qxh6 Qg7 29. Qxg7+ Bxg7 30. Rxa5 Bxh5 31. Ng5 Bxd4 32. Nxe6 Bb6 33. Ra6 b4 34. Bf5 Rxc3 35. Rb1 b3 36. Ra4 Bf7 37. Nd4 Rc4 38. Rxc4 dxc4 39. Nc6 Re8 0-1

[Event "Prague Menchik Memorial rapid"]
[Site "Prague"]
[Date "2019.06.09"]
[Round "6"]
[White "Jurasek, Miroslav"]
[Black "Kozusek, Daniel"]
[Result "0-1"]
[WhiteElo "2242"]
[BlackElo "2339"]
[PlyCount "66"]
[EventDate "2019.06.09"]
[EventType "swiss (rapid)"]
[EventRounds "9"]
[EventCountry "CSR"]
[SourceTitle "CBM 190 Extra"]
[Source "ChessBase"]
[SourceDate "2019.07.15"]
[SourceVersion "1"]
[SourceVersionDate "2019.07.15"]
[SourceQuality "1"]

1. e4 e6 2. d4 d5 3. e5 c5 4. c3 Nc6 5. Nf3 Bd7 6. Be2 Nge7 7. Na3 cxd4 8. cxd4 Ng6 9. Nc2 Be7 10. 0-0 0-0 11. Be3 Qb6 12. Rb1 f6 13. exf6 Bxf6 14. Bd3 Nge7 15. Ne5 Be8 16. Qg4 Nf5 17. Nxc6 Qxc6 18. Bg5 Bxg5 19. Qxg5 Bg6 20. g4 Nh4 21. Qxh4 Bxd3 22. Nb4 Qb5 23. Nxd3 Qxd3 24. Rfd1 Qe4 25. Qg3 Rf3 26. Qg2 Raf8 27. Rbc1 Qe2 28. Re1 Qxb2 29. Rb1 Qxd4 30. Re2 e5 31. h3 e4 32. Rxb7 Qd1+ 33. Qf1 Rg3+ 0-1

[Event "Prague Menchik Memorial rapid"]
[Site "Prague"]
[Date "2019.06.09"]
[Round "4"]
[White "Jurasek, Miroslav"]
[Black "Vetrovsky, Michal"]
[Result "1/2-1/2"]
[WhiteElo "2242"]
[BlackElo "2095"]
[PlyCount "82"]
[EventDate "2019.06.09"]
[EventType "swiss (rapid)"]
[EventRounds "9"]
[EventCountry "CSR"]
[SourceTitle "CBM 190 Extra"]
[Source "ChessBase"]
[SourceDate "2019.07.15"]
[SourceVersion "1"]
[SourceVersionDate "2019.07.15"]
[SourceQuality "1"]

1. e4 c6 2. d4 d5 3. e5 Bf5 4. Nf3 e6 5. Nbd2 Ne7 6. Nb3 Nd7 7. Be2 h6 8. 0-0 Ng6 9. Ne1 h5 10. Bd3 Bxd3 11. Nxd3 h4 12. f4 h3 13. g3 Ne7 14. Nf2 Nf5 15. Qg4 Qb6 16. Nxh3 c5 17. dxc5 Nxc5 18. Kg2 Nxb3 19. axb3 Rc8 20. c3 d4 21. c4 Qxb3 22. Qf3 Qxf3+ 23. Rxf3 Rxc4 24. Nf2 Bc5 25. b4 Bxb4 26. Rxa7 0-0 27. Rxb7 Rxc1 28. Rxb4 Rc2 29. Kh3 Ra8 30. g4 Raa2 31. gxf5 Rxf2 32. Rxf2 Rxf2 33. fxe6 fxe6 34. Rxd4 Kf7 35. Kg3 Ra2 36. h4 Kg6 37. Rd7 Ra1 38. Re7 Kf5 39. Rf7+ Ke4 40. Kg4 Rg1+ 41. Kh5 Rg2 1/2-1/2

[Event "Prague Menchik Memorial rapid"]
[Site "Prague"]
[Date "2019.06.09"]
[Round "1"]
[White "Nepozitek, Svatomir"]
[Black "Jurasek, Miroslav"]
[Result "0-1"]
[WhiteElo "1746"]
[BlackElo "2242"]
[PlyCount "54"]
[EventDate "2019.06.09"]
[EventType "swiss (rapid)"]
[EventRounds "9"]
[EventCountry "CSR"]
[SourceTitle "CBM 190 Extra"]
[Source "ChessBase"]
[SourceDate "2019.07.15"]
[SourceVersion "1"]
[SourceVersionDate "2019.07.15"]
[SourceQuality "1"]

1. Nf3 d5 2. d3 Nf6 3. g3 Bg4 4. Bg5 Nbd7 5. Bg2 c6 6. 0-0 h6 7. Bxf6 Nxf6 8. Nbd2 Bxf3 9. Nxf3 e6 10. c3 Be7 11. Qc2 0-0 12. Rad1 Qc7 13. Qb1 Rfe8 14. Nd2 e5 15. e4 Rad8 16. b3 a5 17. Qc1 Bc5 18. Kh1 Ng4 19. Kg1 Qb6 20. d4 exd4 21. b4 axb4 22. Nb3 dxc3 23. Nxc5 Qxc5 24. Qc2 d4 25. Rd3 Ne5 26. f4 Nxd3 27. Qxd3 b5 0-1

[Event "Prague Menchik Memorial rapid"]
[Site "Prague"]
[Date "2019.06.09"]
[Round "3"]
[White "Neuman, Petr"]
[Black "Jurasek, Miroslav"]
[Result "1/2-1/2"]
[WhiteElo "2395"]
[BlackElo "2242"]
[PlyCount "42"]
[EventDate "2019.06.09"]
[EventType "swiss (rapid)"]
[EventRounds "9"]
[EventCountry "CSR"]
[SourceTitle "CBM 190 Extra"]
[Source "ChessBase"]
[SourceDate "2019.07.15"]
[SourceVersion "1"]
[SourceVersionDate "2019.07.15"]
[SourceQuality "1"]

1. e4 e6 2. d4 d5 3. Nd2 Nc6 4. Ngf3 Nf6 5. e5 Nd7 6. Be2 f6 7. exf6 Qxf6 8. Nf1 Bd6 9. Ne3 0-0 10. 0-0 Qf7 11. c4 Nf6 12. c5 Bf4 13. Bb5 Qh5 14. h3 Ne4 15. Ng4 Bd7 16. Bxf4 Rxf4 17. Be2 Raf8 18. Nfe5 Qe8 19. Nxc6 Bxc6 20. f3 Ng3 21. Re1 Nf5 1/2-1/2

[Event "Prague Menchik Memorial rapid"]
[Site "Prague"]
[Date "2019.06.09"]
[Round "7"]
[White "Pribylova, Sofie"]
[Black "Jurasek, Miroslav"]
[Result "1/2-1/2"]
[WhiteElo "2069"]
[BlackElo "2242"]
[PlyCount "51"]
[EventDate "2019.06.09"]
[EventType "swiss (rapid)"]
[EventRounds "9"]
[EventCountry "CSR"]
[SourceTitle "CBM 190 Extra"]
[Source "ChessBase"]
[SourceDate "2019.07.15"]
[SourceVersion "1"]
[SourceVersionDate "2019.07.15"]
[SourceQuality "1"]

1. e4 e6 2. d4 d5 3. exd5 exd5 4. Bd3 Bd6 5. Ne2 Nd7 6. c3 Ne7 7. Bf4 Nf6 8. 0-0 0-0 9. Qc2 Bg4 10. f3 Bh5 11. Nd2 Bg6 12. Rfe1 Bxd3 13. Qxd3 Ng6 14. Bxd6 Qxd6 15. Ng3 c6 16. Re3 Rae8 17. Rae1 Rxe3 18. Rxe3 Re8 19. Nf5 Qd7 20. Rxe8+ Nxe8 21. g3 Ne7 22. Nxe7+ Qxe7 23. Kf2 g6 24. Nf1 Nd6 25. Ne3 h5 26. Ng2 1/2-1/2

[Event "CZE-chT1W 1819"]
[Site "Czech Republic"]
[Date "2019.03.03"]
[Round "9.7"]
[White "Jurasek, Miroslav"]
[Black "Lacina, Filip"]
[Result "1-0"]
[WhiteElo "2270"]
[BlackElo "1947"]
[PlyCount "65"]
[EventDate "2018.10.21"]
[EventType "team-tourn"]
[EventRounds "11"]
[EventCountry "CZE"]
[SourceTitle "CBM 189 Extra"]
[Source "ChessBase"]
[SourceDate "2019.06.03"]
[SourceVersion "1"]
[SourceVersionDate "2019.06.03"]
[SourceQuality "1"]
[WhiteTeam "Praha DP Tarok"]
[BlackTeam "Vysehrad"]
[WhiteTeamCountry "CZE"]
[BlackTeamCountry "CZE"]

1. e4 c6 2. d4 d5 3. e5 Bf5 4. Nd2 e6 5. Nb3 Nd7 6. Nf3 h5 7. Be2 Bg4 8. 0-0 Ne7 9. Bg5 Qc7 10. a4 0-0-0 11. a5 f6 12. Be3 a6 13. Re1 Nf5 14. Qc1 h4 15. h3 Bxf3 16. Bxf3 fxe5 17. dxe5 Be7 18. Bg4 g6 19. Nd4 Nxd4 20. Bxd4 c5 21. Be3 Qc6 22. Bg5 Rde8 23. Bxe7 Rxe7 24. c4 d4 25. Qg5 Rg7 26. Ra3 Rd8 27. Qxh4 Nf8 28. Bf3 Qc7 29. Qe4 Nd7 30. Rb3 Nb8 31. Qg4 Re8 32. Rxb7 Qxa5 33. b4 1-0

[Event "CZE-chT1W 1819"]
[Site "Czech Republic"]
[Date "2019.01.20"]
[Round "6.7"]
[White "Kucera, Petr"]
[Black "Jurasek, Miroslav"]
[Result "0-1"]
[WhiteElo "2169"]
[BlackElo "2270"]
[PlyCount "64"]
[EventDate "2018.10.21"]
[EventType "team-tourn"]
[EventRounds "11"]
[EventCountry "CZE"]
[SourceTitle "CBM 188 Extra"]
[Source "ChessBase"]
[SourceDate "2019.02.26"]
[SourceVersion "1"]
[SourceVersionDate "2019.02.26"]
[SourceQuality "1"]
[WhiteTeam "Turnov Zikuda II"]
[BlackTeam "Praha DP Tarok"]
[WhiteTeamCountry "CZE"]
[BlackTeamCountry "CZE"]

1. d4 e6 2. c4 Nf6 3. Nf3 Bb4+ 4. Nbd2 0-0 5. a3 Be7 6. e4 d6 7. Bd3 Nbd7 8. 0-0 e5 9. d5 a5 10. b3 Nc5 11. Bc2 Bg4 12. Bb2 Bh5 13. b4 axb4 14. axb4 Rxa1 15. Qxa1 Na6 16. Bc3 Bg6 17. Re1 Qc8 18. Qb2 Nh5 19. Nf1 Nf4 20. Ng3 Bf6 21. Re3 b6 22. Ba4 h5 23. Bb5 h4 24. Nf5 Bxf5 25. exf5 h3 26. g3 Ng2 27. g4 Nxe3 28. fxe3 c5 29. dxc6 Nb8 30. e4 Nxc6 31. g5 Bd8 32. Qa1 g6 0-1

[Event "CZE-chT2C 1819"]
[Site "Czech Republic"]
[Date "2018.12.02"]
[Round "4.3"]
[White "Haba, Zdenek"]
[Black "Jurasek, Miroslav"]
[Result "1/2-1/2"]
[WhiteElo "2158"]
[BlackElo "2270"]
[PlyCount "43"]
[EventDate "2018.10.14"]
[EventType "team-tourn"]
[EventRounds "11"]
[EventCountry "CZE"]
[SourceTitle "EXT 2022"]
[Source "ChessBase"]
[SourceDate "2021.10.06"]
[SourceVersion "1"]
[SourceVersionDate "2021.10.06"]
[SourceQuality "1"]
[WhiteTeam "Praha Mahrla"]
[BlackTeam "Lysa nad Labem III"]
[WhiteTeamCountry "CZE"]
[BlackTeamCountry "CZE"]

1. d4 Nf6 2. c4 e6 3. g3 d5 4. Bg2 Be7 5. Nf3 0-0 6. 0-0 dxc4 7. Ne5 Nc6 8. Nxc6 bxc6 9. Bxc6 Rb8 10. Bg2 Ba6 11. Nc3 Qd7 12. Qa4 Qxa4 13. Nxa4 Rfd8 14. Rd1 h6 15. Bf4 Bd6 16. Bd2 Nd5 17. Rac1 c3 18. Nxc3 Rxb2 19. e4 Rxd2 20. exd5 Rxd1+ 21. Rxd1 Bb4 22. Rc1 1/2-1/2

[Event "CZE-chT2C 1819"]
[Site "Czech Republic"]
[Date "2018.11.18"]
[Round "3.4"]
[White "Sedivy, Martin"]
[Black "Jurasek, Miroslav"]
[Result "1/2-1/2"]
[WhiteElo "2159"]
[BlackElo "2270"]
[PlyCount "55"]
[EventDate "2018.10.14"]
[EventType "team-tourn"]
[EventRounds "11"]
[EventCountry "CZE"]
[SourceTitle "EXT 2022"]
[Source "ChessBase"]
[SourceDate "2021.10.06"]
[SourceVersion "1"]
[SourceVersionDate "2021.10.06"]
[SourceQuality "1"]
[WhiteTeam "Lipa"]
[BlackTeam "Lysa nad Labem III"]
[WhiteTeamCountry "CZE"]
[BlackTeamCountry "CZE"]

1. e4 c5 2. b3 d6 3. Bb5+ Nd7 4. f4 a6 5. Bxd7+ Bxd7 6. Bb2 Nf6 7. d3 e6 8. Nf3 g6 9. Qe2 Bg7 10. Nbd2 0-0 11. 0-0 Nh5 12. Bxg7 Nxg7 13. Nc4 Qc7 14. g3 f6 15. Ne3 Bc6 16. Rf2 f5 17. Nc4 b5 18. Ncd2 Rae8 19. e5 Bxf3 20. Nxf3 d5 21. c3 Ra8 22. Rff1 Rfc8 23. Rfc1 Rab8 24. Qe3 a5 25. a3 Qe7 26. Kf2 Rc7 27. Qd2 Ra8 28. Rc2 1/2-1/2

[Event "Oberliga Ost-A 1819"]
[Site "Germany"]
[Date "2018.11.10"]
[Round "2.3"]
[White "Jurasek, Miroslav"]
[Black "Schultz, Andreas"]
[Result "1/2-1/2"]
[WhiteElo "2266"]
[BlackElo "2183"]
[PlyCount "77"]
[EventDate "2018.10.21"]
[EventType "team-tourn"]
[EventRounds "11"]
[EventCountry "GER"]
[SourceTitle "EXT 2020"]
[Source "ChessBase"]
[SourceDate "2019.10.17"]
[SourceVersion "1"]
[SourceVersionDate "2019.10.17"]
[SourceQuality "1"]
[WhiteTeam "Aue Nickelhuette II"]
[BlackTeam "Leipzig SG II"]
[WhiteTeamCountry "GER"]
[BlackTeamCountry "GER"]

1. e4 e6 2. d4 d5 3. Nc3 Nf6 4. Bg5 Bb4 5. e5 h6 6. Bd2 Bxc3 7. Bxc3 Ne4 8. Nf3 c5 9. Be2 b6 10. 0-0 Nc6 11. Be1 Bb7 12. c3 0-0 13. b4 Qe7 14. Rb1 Rfc8 15. Rb2 Rc7 16. Kh1 Rac8 17. Ng1 cxd4 18. cxd4 Nb8 19. Bd3 Rc1 20. Qh5 Nc6 21. f3 Rxe1 22. Rxe1 Nxb4 23. Bb1 Nc3 24. f4 Nxb1 25. Rbxb1 Nxa2 26. f5 exf5 27. Qxf5 Nc3 28. Rbc1 Rc7 29. Nf3 Bc8 30. Qf4 b5 31. Nd2 Be6 32. Nb1 Nxb1 33. Rxc7 Qxc7 34. Rxb1 Qc2 35. Qc1 Qc4 36. Qb2 a5 37. Qxb5 Qxd4 38. Qxa5 Qxe5 39. Qc5 1/2-1/2

[Event "CZE-chT2C 1819"]
[Site "Czech Republic"]
[Date "2018.11.04"]
[Round "2.3"]
[White "Munk, Petr"]
[Black "Jurasek, Miroslav"]
[Result "1/2-1/2"]
[WhiteElo "2137"]
[BlackElo "2270"]
[PlyCount "62"]
[EventDate "2018.10.14"]
[EventType "team-tourn"]
[EventRounds "11"]
[EventCountry "CZE"]
[SourceTitle "EXT 2022"]
[Source "ChessBase"]
[SourceDate "2021.10.06"]
[SourceVersion "1"]
[SourceVersionDate "2021.10.06"]
[SourceQuality "1"]
[WhiteTeam "Lysa nad Labem IV"]
[BlackTeam "Lysa nad Labem III"]
[WhiteTeamCountry "CZE"]
[BlackTeamCountry "CZE"]

1. e4 c5 2. Nf3 e6 3. c4 Nc6 4. d4 cxd4 5. Nxd4 Nf6 6. Nc3 Qc7 7. Be2 a6 8. 0-0 d6 9. Be3 Be7 10. Rc1 0-0 11. Nd5 exd5 12. cxd5 Bd7 13. Bf3 Rac8 14. dxc6 bxc6 15. e5 dxe5 16. Nxc6 Bxc6 17. Bxc6 Qa5 18. Qa4 Qxa4 19. Bxa4 Nd5 20. Bd2 Bc5 21. Bb3 Nf6 22. Rxc5 Rxc5 23. Bb4 Rfc8 24. Bxc5 Rxc5 25. Rd1 Kf8 26. Kf1 Ke7 27. Ke2 g5 28. h3 h5 29. Rd2 h4 30. Rc2 Ne4 31. Rxc5 Nxc5 1/2-1/2

[Event "Prague Menchik Memorial rapid"]
[Site "Prague"]
[Date "2018.06.10"]
[Round "3"]
[White "Jurasek, Miroslav"]
[Black "Benes, Petr1111"]
[Result "1-0"]
[WhiteElo "2270"]
[BlackElo "2094"]
[PlyCount "85"]
[EventDate "2018.06.10"]
[EventType "swiss (rapid)"]
[EventRounds "9"]
[EventCountry "CZE"]
[SourceTitle "CBM 184 Extra"]
[Source "ChessBase"]
[SourceDate "2018.06.28"]
[SourceVersion "1"]
[SourceVersionDate "2018.06.28"]
[SourceQuality "1"]

1. e4 Nf6 2. e5 Nd5 3. d4 d6 4. Nf3 Bg4 5. Be2 c6 6. 0-0 Bxf3 7. Bxf3 dxe5 8. dxe5 e6 9. c4 Ne7 10. Qb3 Qc7 11. Nc3 Nd7 12. g3 Ng6 13. Bg2 Ndxe5 14. Ne4 0-0-0 15. Be3 Kb8 16. a4 Be7 17. a5 Ng4 18. Bb6 Qe5 19. Bxd8 Bxd8 20. a6 b6 21. Qa4 Qc7 22. c5 b5 23. Qd4 Nf6 24. Nxf6 Bxf6 25. Qe4 Ne7 26. Qc2 h5 27. h3 h4 28. g4 Nd5 29. Bxd5 cxd5 30. Qb3 Ka8 31. Qxb5 Rb8 32. Qa4 Rc8 33. Rac1 Bxb2 34. Rc2 Be5 35. Rb1 Qc6 36. Qxc6+ Rxc6 37. Rb7 Bc7 38. f4 d4 39. Kf1 d3 40. Rc4 Bd6 41. cxd6 Rxc4 42. d7 Rd4 43. Rc7 1-0

[Event "Prague Menchik Memorial rapid"]
[Site "Prague"]
[Date "2018.06.10"]
[Round "6"]
[White "Jurasek, Miroslav"]
[Black "Vrecion, Jiri"]
[Result "1-0"]
[WhiteElo "2270"]
[BlackElo "2050"]
[PlyCount "89"]
[EventDate "2018.06.10"]
[EventType "swiss (rapid)"]
[EventRounds "9"]
[EventCountry "CZE"]
[SourceTitle "CBM 184 Extra"]
[Source "ChessBase"]
[SourceDate "2018.06.28"]
[SourceVersion "1"]
[SourceVersionDate "2018.06.28"]
[SourceQuality "1"]

1. e4 e6 2. d4 d5 3. Nc3 dxe4 4. Nxe4 Bd7 5. Nf3 Bc6 6. Bd3 Nd7 7. 0-0 Ngf6 8. Ng3 g6 9. Bf4 Bg7 10. Ne5 Nxe5 11. Bxe5 0-0 12. c3 Nd5 13. Bxg7 Kxg7 14. Qd2 Nf6 15. f3 b6 16. Rad1 Qe7 17. Rfe1 Rfd8 18. h4 Qd6 19. Qf2 Nd5 20. Ne4 Qe7 21. Qg3 Rac8 22. h5 Nf6 23. Qe5 Bxe4 24. fxe4 Kg8 25. hxg6 hxg6 26. Qg5 Kg7 27. Rf1 Rh8 28. e5 Nd5 29. Qxe7 Nxe7 30. Rf3 Rh4 31. Rdf1 Nf5 32. Bxf5 gxf5 33. Rg3+ Kf8 34. d5 Re4 35. dxe6 fxe6 36. Rh3 Kg7 37. Rff3 Rg8 38. Re3 Rxe3 39. Rxe3 Kf7 40. Rd3 Ke7 41. Kf2 Rg4 42. Rg3 Re4 43. Re3 Rg4 44. Kf3 Kd7 45. Rd3+ 1-0